| 000 | 00497nam a22001937a 4500 | ||
|---|---|---|---|
| 003 | MPLRDC | ||
| 005 | 20220104183957.0 | ||
| 008 | 210129b ||||| |||| 00| 0 eng d | ||
| 020 | _a986-145-909-7 | ||
| 082 | _a803.188 YML | ||
| 100 | _a杨美玲编著 | ||
| 245 |
_a自游自在观光日语 _c |
||
| 250 | _a初版 | ||
| 260 |
_a台湾 _b三思堂文化事业有限公司 _c2006 |
||
| 300 | _b平 | ||
| 490 | _a易学日语. 8 | ||
| 650 | _a日语会话读本 | ||
| 942 |
_cBK _o803.188 YML |
||
| 999 |
_c62650 _d62640 |
||